000 00659nam a22002177a 4500
999 _c2444
_d2444
005 20230601103636.0
008 230601b ||||| |||| 00| 0 eng d
020 _a9780007811281
040 _cKH8
082 _aFIC LEW
100 _aLewis, C. S. (Clive Staples),
_d1898-1963;
_eAuthor
245 _a The lion, the witch, and the wardrobe
_cC. S. Lewis
260 _aLondon,
_bHarperCollins Children's Books,
_c2010
300 _a171p
_bilustr. ;
_c18 cm.
440 _aThe chronicles of Narnia
521 _aFiction
650 _aChildren's stories,
_vEnglish
650 _aNarnia (Imaginary place)
650 _aJuvenile works
942 _2ddc
_cFIC